Redwoods / (Record no. 2201)

MARC details
000 -LEADER
fixed length control field 01173cam a22003377a 4500
005 - DATE AND TIME OF LATEST TRANSACTION
control field 20231110083059.0
020 ## - INTERNATIONAL STANDARD BOOK NUMBER
International Standard Book Number 9781596434301
020 ## - INTERNATIONAL STANDARD BOOK NUMBER
International Standard Book Number 9780545273992
020 ## - INTERNATIONAL STANDARD BOOK NUMBER
International Standard Book Number 1596434309
040 ## - CATALOGING SOURCE
Original cataloging agency BTCTA
Transcribing agency BTCTA
Modifying agency CXP
-- YDXCP
-- TEF
-- EHH
-- VP@
-- DLC
Language of cataloging eng
050 00 - LIBRARY OF CONGRESS CALL NUMBER
Classification number SD397.R3
Item number C52 2009
082 04 - DEWEY DECIMAL CLASSIFICATION NUMBER
Classification number 585/.5
Edition number 22
100 1# - MAIN ENTRY--PERSONAL NAME
Personal name Chin, Jason
Dates associated with a name 1978-
245 10 - TITLE STATEMENT
Title Redwoods /
Statement of responsibility, etc. Jason Chin
260 ## - PUBLICATION, DISTRIBUTION, ETC.
Place of publication, distribution, etc. New York :
Name of publisher, distributor, etc. Scholastic,
Date of publication, distribution, etc. 2009
300 ## - PHYSICAL DESCRIPTION
Extent 32 unnumbered pages :
Other physical details illustrations
Dimensions 28 cm
500 ## - GENERAL NOTE
General note "A Neal Porter Book".
520 ## - SUMMARY, ETC.
Summary, etc. A young city boy, riding the subway, finds an abandoned book about redwoods. He finds himself in the very forest described in the book. After finishing the book, he leaves it for someone else to read.
521 ## - TARGET AUDIENCE NOTE
Target audience note 1100
Source Lexile
650 #0 - SUBJECT ADDED ENTRY--TOPICAL TERM
Topical term or geographic name entry element Coast redwood
Form subdivision Juvenile literature.
650 #0 - SUBJECT ADDED ENTRY--TOPICAL TERM
Topical term or geographic name entry element Redwoods
Form subdivision Juvenile literature.
650 #0 - SUBJECT ADDED ENTRY--TOPICAL TERM
Topical term or geographic name entry element Giant sequoia
Form subdivision Juvenile literature.
650 #0 - SUBJECT ADDED ENTRY--TOPICAL TERM
Topical term or geographic name entry element Boys
Form subdivision Juvenile fiction.
650 #1 - SUBJECT ADDED ENTRY--TOPICAL TERM
Topical term or geographic name entry element Coast redwood.
650 #1 - SUBJECT ADDED ENTRY--TOPICAL TERM
Topical term or geographic name entry element Redwoods.
650 #1 - SUBJECT ADDED ENTRY--TOPICAL TERM
Topical term or geographic name entry element Giant sequoia.
650 #1 - SUBJECT ADDED ENTRY--TOPICAL TERM
Topical term or geographic name entry element Boys
Form subdivision Fiction.
906 ## - LOCAL DATA ELEMENT F, LDF (RLIN)
a 7
b cbc
c copycat
d 2
e ncip
f 20
g y-gencatlg
942 ## - ADDED ENTRY ELEMENTS (KOHA)
Source of classification or shelving scheme Dewey Decimal Classification
Koha item type Books
Suppress in OPAC No
999 ## -
-- 2201
-- 2201
Holdings
Withdrawn status Lost status Source of classification or shelving scheme Damaged status Not for loan Collection Home library Current library Shelving location Date acquired Total Checkouts Full call number Barcode Date last seen Copy number Price effective from Koha item type
    Dewey Decimal Classification     Fiction Footprints International School Library Network Toul Kork Campus Footprints International School Library Network Toul Kork Campus A TK Campus, 4th Floor, Room B401, Fiction Bookcases (1-6) 11/10/2023   CHI 585/.5 SD397.R3 FISTK01951 11/10/2023 1 11/10/2023 Books
    Dewey Decimal Classification     Fiction Footprints International School Library Network Toul Tom Poung Campus Footprints International School Library Network Toul Tom Poung Campus TTP Secondary Fiction Bookshelves 11/11/2025   CHI 585/.5 SD397.R3 FISBK06102 11/11/2025 2 11/11/2025 Books